[Event "Druga liga Srbije - Vojvodina 2008"]
[Site "Sombor"]
[Date "2008.10.03"]
[Round "4"]
[White "Miljanic, Boro"]
[Black "Kosic, Dragan"]
[Result "1/2-1/2"]
[WhiteElo "2404"]
[BlackElo "2511"]
[PlyCount "32"]
[EventDate "2008.??.??"]
[Source "Perpetual Check"]

1. e4 e6 2. d4 d5 3. e5 c5 4. c3 Nc6 5. Nf3 Qb6 6. a3 Nh6 7. b4 cxb4 8. cxb4
Nf5 9. Be3 Bd7 10. Bd3 Nxe3 11. fxe3 Rc8 12. O-O Be7 13. Qe1 O-O 14. Nc3 f5 15.
exf6 Bxf6 16. Na4 Qd8 1/2-1/2

[Event "Druga liga Srbije - Vojvodina 2008"]
[Site "Sombor"]
[Date "2008.10.03"]
[Round "4"]
[White "Zlatic, Mihajlo"]
[Black "Tomic, Bosko"]
[Result "0-1"]
[WhiteElo "2471"]
[BlackElo "2405"]
[PlyCount "90"]
[EventDate "2008.??.??"]
[Source "Perpetual Check"]

1. e4 c5 2. Nf3 e6 3. d4 cxd4 4. Nxd4 a6 5. Bd3 Nf6 6. O-O d6 7. c4 Be7 8. Nc3
Qc7 9. Qe2 Nbd7 10. f4 b6 11. Kh1 Bb7 12. Bd2 h5 13. Rae1 Ng4 14. Nd5 Qd8 15.
e5 Nc5 16. exd6 Bxd6 17. b4 Nxd3 18. Nxe6 fxe6 19. Qxe6+ Kf8 20. Qf5+ Kg8 21.
Qxd3 Qh4 22. h3 Rd8 23. Bc3 Rh6 24. Re2 Bxd5 25. Qxd5+ Kh8 26. Qf7 Rf6 27. Bxf6
Nxf6 28. Qb7 Rb8 29. Qxa6 Bxf4 30. Qa3 Bd6 31. c5 bxc5 32. bxc5 Qc4 33. Qf3
Qxc5 34. Rd1 Rf8 35. Qd3 Bb8 36. Qc2 Qg5 37. Qd3 h4 38. Rf1 Qc5 39. g4 hxg3 40.
Kg2 Qd6 41. Qf3 Qb6 42. Rfe1 Nh7 43. Qa8 Ng5 44. Re5 Qd8 45. R1e2 Rf2+ 0-1

[Event "Druga liga Srbije - Vojvodina 2008"]
[Site "Sombor"]
[Date "2008.10.03"]
[Round "4"]
[White "Vujadinovic, Goran"]
[Black "Kizov, Atanas"]
[Result "1/2-1/2"]
[WhiteElo "2363"]
[BlackElo "2439"]
[PlyCount "61"]
[EventDate "2008.??.??"]
[Source "Perpetual Check"]

1. g3 d5 2. Bg2 e5 3. d3 c6 4. Nf3 Bd6 5. e4 Nf6 6. Nbd2 O-O 7. O-O Bg4 8. h3
Bh5 9. Qe1 Nbd7 10. Nh4 Re8 11. f4 exf4 12. gxf4 dxe4 13. dxe4 Nd5 14. Nc4 Bc5+
15. Kh1 b5 16. Ne5 Nxf4 17. Bxf4 Nxe5 18. Nf5 f6 19. Qh4 Bg6 20. Rad1 Qc7 21.
Rd3 Rad8 22. Rfd1 Rxd3 23. cxd3 Bxf5 24. exf5 Bd4 25. Re1 c5 26. b4 Qe7 27.
Bd5+ Kh8 28. Bxe5 Qxe5 29. Qe4 Qxe4+ 30. dxe4 cxb4 31. Rc1 1/2-1/2

[Event "Druga liga Srbije - Vojvodina 2008"]
[Site "Sombor"]
[Date "2008.10.03"]
[Round "4"]
[White "Dragojlovic, Andjelko"]
[Black "Stanojevic, Branko"]
[Result "1-0"]
[WhiteElo "2393"]
[BlackElo "2275"]
[PlyCount "47"]
[EventDate "2008.??.??"]
[Source "Perpetual Check"]

1. e4 e6 2. d3 d5 3. Nd2 Nc6 4. Ngf3 e5 5. c3 Nf6 6. Be2 Be7 7. O-O O-O 8. b4
a6 9. a3 Re8 10. Bb2 Bf8 11. Re1 Bg4 12. Qc2 Qd7 13. Nf1 Rad8 14. Ne3 Bh5 15.
Rad1 Qc8 16. Nf5 Bg4 17. Ng3 Nh5 18. h3 Nxg3 19. fxg3 Bh5 20. g4 Bg6 21. exd5
Rxd5 22. Nh4 Rd6 23. Nxg6 hxg6 24. Bf3 {dalje je necitko} 1-0

[Event "Druga liga Srbije - Vojvodina 2008"]
[Site "Sombor"]
[Date "2008.10.03"]
[Round "4"]
[White "Kolognat, Petar"]
[Black "Miranovic, Rajko"]
[Result "0-1"]
[WhiteElo "2292"]
[BlackElo "2383"]
[PlyCount "89"]
[EventDate "2008.??.??"]
[Source "Perpetual Check"]

1. d4 d5 2. Nc3 Nf6 3. Bg5 Bf5 4. f3 Nbd7 5. e3 h6 6. Bxf6 Nxf6 7. Bd3 e6 8.
Nge2 c6 9. e4 dxe4 10. fxe4 Bg4 11. O-O Bb4 12. h3 Bh5 13. g4 Bg6 14. e5 Bxd3
15. Qxd3 Nd7 16. Ne4 Be7 17. Nf4 O-O 18. Nh5 c5 19. Qd2 Bg5 20. Nxg5 Qxg5 21.
Qxg5 hxg5 22. c3 cxd4 23. cxd4 Nb6 24. Ng3 Rad8 25. Rad1 Nc4 26. Rf2 Nxe5 27.
Ne4 Nc6 28. Rfd2 Rd5 29. Nc3 Rd7 30. d5 Ne5 31. Re2 f6 32. dxe6 Rxd1+ 33. Nxd1
Re8 34. Rc2 Rxe6 35. Ne3 Rc6 36. Rxc6 bxc6 37. b4 Kf7 38. a3 Ke6 39. Kf2 g6 40.
Nd1 Kd5 41. Ke3 Nc4+ 42. Kd3 Nxa3 43. Ne3+ Ke5 44. Ng2 Nb5 45. h4 0-1

[Event "Druga liga Srbije - Vojvodina 2008"]
[Site "Sombor"]
[Date "2008.10.03"]
[Round "4"]
[White "Grujic, Zoran"]
[Black "Bogic, Stevan"]
[Result "1-0"]
[WhiteElo "2335"]
[BlackElo "2259"]
[PlyCount "105"]
[EventDate "2008.??.??"]
[Source "Perpetual Check"]

1. Nf3 Nf6 2. c4 g6 3. Nc3 Bg7 4. e4 d6 5. d4 O-O 6. Be2 e5 7. Be3 Nbd7 8. d5
Ng4 9. Bg5 f6 10. Bd2 Nh6 11. h4 Nf7 12. h5 g5 13. g4 Nc5 14. Nh2 a5 15. b3 c6
16. Nf1 cxd5 17. cxd5 Bd7 18. f3 Qb8 19. a4 Rc8 20. Ne3 Bf8 21. O-O Be7 22. Bb5
Bxb5 23. Nxb5 Bd8 24. Rb1 Bb6 25. Qe2 Na6 26. Kg2 Nb4 27. Bxb4 axb4 28. Nf5 Kf8
29. Rfc1 Rxc1 30. Rxc1 Qd8 31. Rc4 Bc5 32. Qc2 b6 33. Ng3 Qd7 34. Ne2 Nd8 35.
Nc1 Nb7 36. Qd3 Na5 37. Rc2 Ke7 38. Na2 Kf8 39. Kf1 Kg8 40. Ke2 Rc8 41. Kd1 Re8
42. Kc1 Qb7 43. Kb2 Qa6 44. Nc1 Qb7 45. Qd2 Qf7 46. Nd3 h6 47. Nxc5 dxc5 48.
Nd6 Qd7 49. Nxe8 Qxe8 50. Qd3 c4 51. Rxc4 Nxc4+ 52. Qxc4 Qe7 53. d6+ 1-0

[Event "Druga liga Srbije - Vojvodina 2008"]
[Site "Sombor"]
[Date "2008.10.03"]
[Round "4"]
[White "Mijovic, Stefan"]
[Black "Galo, Dejan"]
[Result "1-0"]
[WhiteElo "2287"]
[BlackElo "2092"]
[PlyCount "69"]
[EventDate "2008.??.??"]
[Source "Perpetual Check"]

1. e4 Nc6 2. d4 e5 3. dxe5 Nxe5 4. Nf3 Ng6 5. Bc4 d6 6. O-O Be7 7. Nc3 Nf6 8.
Nd4 O-O 9. Bb3 a6 10. a4 Bd7 11. f4 c5 12. Nf3 b5 13. axb5 axb5 14. Rxa8 Qxa8
15. e5 Ne8 16. Bd5 Bc6 17. Bxc6 Qxc6 18. Nd5 Bd8 19. b3 dxe5 20. f5 Ne7 21.
Nxe7+ Bxe7 22. Nxe5 Qc7 23. Nd7 Bd6 24. Nxf8 Bxh2+ 25. Kh1 Kxf8 26. Qh5 Be5 27.
Qxh7 Nf6 28. Qh8+ Ng8 29. f6 Bxf6 30. Rxf6 gxf6 31. Bh6+ Ke7 32. Qxg8 Qd7 33.
Bf8+ Ke6 34. Qg4+ f5 35. Qe2+ 1-0

[Event "Druga liga Srbije - Vojvodina 2008"]
[Site "Sombor"]
[Date "2008.10.03"]
[Round "4"]
[White "Balog, Imre"]
[Black "Lekic, Dusan"]
[Result "1-0"]
[WhiteElo "2423"]
[BlackElo "2394"]
[PlyCount "49"]
[EventDate "2008.??.??"]
[Source "Perpetual Check"]

1. d4 Nf6 2. c4 e6 3. Nf3 d5 4. g3 Be7 5. Bg2 O-O 6. Nbd2 b6 7. O-O Bb7 8. b3
Nbd7 9. Bb2 c5 10. cxd5 exd5 11. Nh4 Re8 12. Nf5 Bf8 13. Nc4 Qc7 14. Ne5 cxd4
15. Nd3 Ne4 16. Nxd4 Ndf6 17. Rc1 Qd7 18. Nf4 Rac8 19. Rxc8 Rxc8 20. Bh3 Qd8
21. Bxc8 Qxc8 22. Qc2 Qd7 23. Nf3 Nd6 24. Rc1 Qe8 25. Kg2 1-0

[Event "Druga liga Srbije - Vojvodina 2008"]
[Site "Sombor"]
[Date "2008.10.03"]
[Round "4"]
[White "Jovic, Stevan"]
[Black "Ivanovic, Miroslav"]
[Result "1-0"]
[WhiteElo "2238"]
[BlackElo "2168"]
[PlyCount "81"]
[EventDate "2008.??.??"]
[Source "Perpetual Check"]

1. d4 Nf6 2. c4 c5 3. d5 b5 4. cxb5 a6 5. b6 d6 6. a4 Qxb6 7. Nc3 g6 8. a5 Qb7
9. e4 Bg7 10. Bc4 O-O 11. h3 Ne8 12. Nf3 Nc7 13. Ra3 Qb4 14. Ra4 Bxc3+ 15. Kf1
Qb7 16. bxc3 Bd7 17. Ra2 Bb5 18. Nd2 Nd7 19. Kg1 Ne5 20. Be2 Bxe2 21. Qxe2 Nb5
22. Bb2 Rfc8 23. f4 Nd7 24. Kh2 Qc7 25. c4 Nd4 26. Qd3 Qa7 27. Rb1 e5 28. dxe6
fxe6 29. Qg3 e5 30. f5 Kg7 31. Nf3 Nf6 32. Ng5 Qb7 33. Bxd4 Qxb1 34. Rb2 Qc1
35. Rb7+ Kg8 36. Nxh7 Ng4+ 37. Qxg4 Qf4+ 38. Qxf4 exf4 39. Nf6+ Kf8 40. fxg6
Rc7 41. Rxc7 1-0

[Event "Druga liga Srbije - Vojvodina 2008"]
[Site "Sombor"]
[Date "2008.10.03"]
[Round "4"]
[White "Strangar, Zlatko"]
[Black "Nedeljkovic, Djordje"]
[Result "1-0"]
[WhiteElo "2174"]
[BlackElo "2177"]
[PlyCount "63"]
[EventDate "2008.??.??"]
[Source "Perpetual Check"]

1. Nf3 Nf6 2. g3 d5 3. Bg2 Bf5 4. O-O e6 5. d3 Bc5 6. Nbd2 h6 7. Qe1 O-O 8. e4
Bh7 9. e5 Nfd7 10. Qe2 Bb6 11. Re1 c5 12. h4 Nc6 13. Nf1 Bc7 14. Bf4 Qb8 15.
N1h2 Re8 16. Bh3 b5 17. Ng4 Bf5 18. h5 Kh7 19. c3 f6 20. d4 Be4 21. Bxh6 Bxf3
22. Qxf3 f5 23. Bxg7 Kxg7 24. h6+ Kf7 25. Ne3 Ndxe5 26. dxe5 Nxe5 27. Qh5+ Ke7
28. Nxd5+ exd5 29. Qxf5 Qb6 30. Qh7+ Kd6 31. Rxe5 Kxe5 32. Re1+ 1-0

[Event "Druga liga Srbije - Vojvodina 2008"]
[Site "Sombor"]
[Date "2008.10.03"]
[Round "4"]
[White "Markovic, Milovan"]
[Black "Bogosavljevic, Boban"]
[Result "0-1"]
[WhiteElo "2254"]
[BlackElo "2541"]
[PlyCount "80"]
[EventDate "2008.??.??"]
[Source "Perpetual Check"]

1. Nf3 Nf6 2. d4 e6 3. Bg5 c5 4. e3 Qb6 5. Qc1 Nc6 6. c3 d5 7. Bd3 Bd6 8. Nbd2
Bd7 9. Rb1 Rc8 10. Qd1 Qc7 11. a3 a5 12. Qe2 Ne7 13. Bh4 Ba4 14. b3 Bd7 15. Bg3
cxd4 16. Bxd6 Qxd6 17. cxd4 Qxa3 18. O-O Qb4 19. Ne5 O-O 20. f4 Rc3 21. g4 Bc6
22. g5 Ne4 23. Nxc6 Rxc6 24. Nxe4 dxe4 25. Bxe4 Rc3 26. Kf2 Rfc8 27. Rb2 b5 28.
Rd1 Nd5 29. Bd3 g6 30. h4 Rxb3 31. Rxb3 Qxb3 32. Rb1 Qa3 33. Bxb5 Nxe3 34. Bd3
Nd5 35. Qd2 Nb4 36. Be2 Qh3 37. Rc1 Rxc1 38. Qxc1 Qxh4+ 39. Kg2 Nd5 40. Qc8+
Kg7 0-1

[Event "Druga liga Srbije - Vojvodina 2008"]
[Site "Sombor"]
[Date "2008.10.03"]
[Round "4"]
[White "Drazic, Sinisa"]
[Black "Popovic, Milos T"]
[Result "1/2-1/2"]
[WhiteElo "2528"]
[BlackElo "2403"]
[PlyCount "70"]
[EventDate "2008.??.??"]
[Source "Perpetual Check"]

1. d4 Nf6 2. Nf3 e6 3. g3 b6 4. Bg2 Bb7 5. O-O c5 6. c4 cxd4 7. Qxd4 Nc6 8. Qf4
Ne7 9. Nc3 Ng6 10. Qd4 Bc5 11. Qd3 d5 12. cxd5 Nxd5 13. Nxd5 Qxd5 14. Ne1 Qxd3
15. Nxd3 Bxg2 16. Kxg2 Be7 17. Bf4 O-O 18. Rfc1 Rfc8 19. a4 Nxf4+ 20. gxf4 Kf8
21. Kf3 Ke8 22. Rd1 Rc7 23. a5 b5 24. a6 Bf6 25. Ra5 Rb8 26. Nc1 Rc2 27. Ra2
Bd8 28. Nb3 Bf6 29. Nc1 Rc4 30. Nb3 Rc2 31. Nc1 Bd8 32. Nd3 Be7 33. Ra5 Bd8 34.
Ra3 Be7 35. Ra5 Bd8 1/2-1/2

[Event "Druga liga Srbije - Vojvodina 2008"]
[Site "Sombor"]
[Date "2008.10.03"]
[Round "4"]
[White "Nikac, Predrag"]
[Black "Petkovic, Radosav"]
[Result "1-0"]
[WhiteElo "2390"]
[BlackElo "2313"]
[PlyCount "61"]
[EventDate "2008.??.??"]
[Source "Perpetual Check"]

1. e4 e6 2. d4 d5 3. Nc3 Nf6 4. Bg5 Be7 5. e5 Nfd7 6. Bxe7 Qxe7 7. f4 a6 8. Nf3
c5 9. Qd2 Nc6 10. dxc5 Qxc5 11. Bd3 b5 12. a3 f6 13. exf6 Nxf6 14. b4 Qb6 15.
Qf2 Qxf2+ 16. Kxf2 O-O 17. Rhe1 Ng4+ 18. Kg1 Rxf4 19. h3 Nf6 20. Ne2 Rxf3 21.
gxf3 e5 22. c3 Bxh3 23. a4 e4 24. Bc2 Ne5 25. Nd4 Rc8 26. axb5 axb5 27. fxe4
Rxc3 28. exd5 Nf3+ 29. Nxf3 Rxf3 30. Ra8+ Kf7 31. d6 1-0

[Event "Druga liga Srbije - Vojvodina 2008"]
[Site "Sombor"]
[Date "2008.10.03"]
[Round "4"]
[White "Munizaba, Slobodan"]
[Black "Kontic, Djordjije"]
[Result "0-1"]
[WhiteElo "2307"]
[BlackElo "2380"]
[PlyCount "78"]
[EventDate "2008.??.??"]
[Source "Perpetual Check"]

1. Nf3 g6 2. d4 Bg7 3. c4 d6 4. Nc3 c6 5. e4 Na6 6. Be2 Bg4 7. O-O Nc7 8. Be3
Nf6 9. b4 a5 10. bxa5 Rxa5 11. Qb3 Qa8 12. Qb6 Ne6 13. Rfd1 Nd7 14. Qb2 Bxf3
15. Bxf3 O-O 16. Rab1 Rb8 17. Bg4 Ra3 18. Bc1 Ra5 19. Bxe6 fxe6 20. a3 Qa7 21.
Qd2 Qa6 22. Qd3 c5 23. d5 Ne5 24. Qh3 Qxc4 25. Qxe6+ Nf7 26. Bb2 Bxc3 27. Rbc1
Ra4 28. Rxc3 Qxe4 29. Qd7 Rd4 30. Rf1 Qe2 31. Qc7 Rf8 32. Rc2 Qxc2 33. Bxd4 Qe4
34. Ba1 b5 35. Qa7 Ne5 36. Qa5 Qe2 37. Qc3 Rf4 38. f3 Rd4 39. Qb3 Rd2 0-1

[Event "Druga liga Srbije - Vojvodina 2008"]
[Site "Sombor"]
[Date "2008.10.03"]
[Round "4"]
[White "Pezelj, Novak"]
[Black "Djonin, Bosko"]
[Result "1-0"]
[WhiteElo "2325"]
[BlackElo "2285"]
[PlyCount "72"]
[EventDate "2008.??.??"]
[Source "Perpetual Check"]

1. Nf3 d5 2. d4 c6 3. c3 Bf5 4. Bf4 Nd7 5. e3 Qb6 6. Qb3 h6 7. Nbd2 e6 8. Be2
Ngf6 9. h3 Rc8 10. O-O Be7 11. Rac1 O-O 12. c4 c5 13. Rfd1 a6 14. Qxb6 Nxb6 15.
dxc5 Bxc5 16. a3 dxc4 17. Nxc4 Nxc4 18. Rxc4 b5 19. Rcc1 Nd5 20. Ne5 Rfd8 21.
Bf3 f6 22. Bxd5 fxe5 23. Rxc5 exd5 24. Rxc8 Rxc8 25. Bxe5 Be6 26. Bc3 Kf7 27.
f3 Rc4 28. Kf2 h5 29. g4 hxg4 30. hxg4 g5 31. Ba5 Rc2+ 32. Rd2 Rc6 33. Bc3 Rc8
34. Kg3 Rh8 35. f4 Kg8 36. f5 Bf7 1-0

[Event "Druga liga Srbije - Vojvodina 2008"]
[Site "Sombor"]
[Date "2008.10.03"]
[Round "4"]
[White "Zivkovic, Negosim"]
[Black "Robulj, Nenad"]
[Result "1/2-1/2"]
[WhiteElo "2237"]
[BlackElo "2267"]
[PlyCount "24"]
[EventDate "2008.??.??"]
[Source "Perpetual Check"]

1. e4 e6 2. d4 d5 3. Nd2 c5 4. dxc5 Bxc5 5. Nb3 Bb6 6. exd5 exd5 7. Bb5+ Nc6 8.
Nf3 Nge7 9. h3 h6 10. O-O O-O 11. Bf4 a6 12. Be2 Bf5 1/2-1/2

[Event "Druga liga Srbije - Vojvodina 2008"]
[Site "Sombor"]
[Date "2008.10.03"]
[Round "4"]
[White "Velickovic, Sasa"]
[Black "Bodiroga, Predrag"]
[Result "1-0"]
[WhiteElo "2410"]
[BlackElo "2435"]
[PlyCount "125"]
[EventDate "2008.??.??"]
[Source "Perpetual Check"]

1. e4 c6 2. d4 d5 3. exd5 cxd5 4. Bd3 Nc6 5. c3 Qc7 6. h3 g6 7. Ne2 Bf5 8. Bxf5
gxf5 9. Qd3 e6 10. g4 fxg4 11. hxg4 Nf6 12. Qf3 Ne4 13. Nd2 Nd6 14. Nb3 O-O-O
15. Bf4 Qe7 16. O-O-O Nc4 17. Bg3 Qg5+ 18. Qf4 Be7 19. Bh4 Qg6 20. Bxe7 Nxe7
21. Rh6 Qg7 22. Rdh1 Rdg8 23. f3 Ng6 24. Qg3 Nf8 25. Nc5 Qg5+ 26. Qf4 Nd6 27.
Qxg5 Rxg5 28. Nf4 Rhg8 29. Ncd3 Kd8 30. R6h2 R5g7 31. Nh5 Rg6 32. Nhf4 Rf6 33.
Rh3 Nc4 34. b3 Nd6 35. Kd2 Ke7 36. Ke3 Nb5 37. Rc1 Rg5 38. a4 Nd6 39. Rb1 Ne8
40. Rh2 Rg8 41. Rc1 Rg5 42. Rch1 Rg8 43. Rg2 Rg5 44. Rhh2 Rg8 45. Ne5 Nd6 46.
Ned3 Ne8 47. Rh3 Nd6 48. Re2 Ke8 49. Rh5 Ke7 50. Rh3 Kd8 51. Rh5 Ke7 52. Rc2
Ne8 53. c4 dxc4 54. bxc4 Nc7 55. Rb2 b6 56. Ne5 Ng6 57. Nexg6+ hxg6 58. Rh7 Rd8
59. a5 g5 60. axb6 axb6 61. Rxb6 Ra8 62. Kf2 Na6 63. Rb7+ 1-0

[Event "Druga liga Srbije - Vojvodina 2008"]
[Site "Sombor"]
[Date "2008.10.03"]
[Round "4"]
[White "Somborski, Nebojsa"]
[Black "Radlovacki, Jovan"]
[Result "1/2-1/2"]
[WhiteElo "2379"]
[BlackElo "2390"]
[PlyCount "74"]
[EventDate "2008.??.??"]
[Source "Perpetual Check"]

1. e4 c6 2. d4 d5 3. Nc3 b5 4. a3 a6 5. Bd3 e6 6. Nf3 Nf6 7. Bg5 Be7 8. exd5
cxd5 9. Ne5 Bb7 10. O-O Nc6 11. Nxc6 Bxc6 12. Re1 h6 13. Bh4 Qb6 14. Ne2 Kd7
15. c3 g5 16. Bg3 Ne4 17. Bxe4 dxe4 18. d5 Bxd5 19. c4 bxc4 20. Nc3 Qc6 21.
Rxe4 Bf6 22. Be5 Bxe5 23. Rxe5 f6 24. Nxd5 fxe5 25. Nb6+ Ke7 26. Nxa8 Qxa8 27.
Qe2 Qd5 28. Rd1 Qb5 29. Rc1 Rc8 30. Qc2 Kf6 31. Qh7 Qxb2 32. Qxh6+ Kf5 33. g4+
Kxg4 34. Qxe6+ Kh5 35. Rd1 Rf8 36. Qh3+ Kg6 37. Qe3 Rf4 1/2-1/2

[Event "Druga liga Srbije - Vojvodina 2008"]
[Site "Sombor"]
[Date "2008.10.03"]
[Round "4"]
[White "Andrijevic, Milan"]
[Black "Lalic, Dragan"]
[Result "1-0"]
[WhiteElo "2367"]
[BlackElo "2367"]
[PlyCount "152"]
[EventDate "2008.??.??"]
[Source "Perpetual Check"]

1. e4 d6 2. d4 Nf6 3. Nc3 g6 4. Nf3 Bg7 5. Be2 O-O 6. O-O Nc6 7. Bg5 h6 8. Bh4
g5 9. Bg3 Nh5 10. d5 Nb8 11. Nd4 Nxg3 12. hxg3 e6 13. dxe6 Bxe6 14. Nxe6 fxe6
15. Bc4 Qe7 16. f4 Kh8 17. Qh5 gxf4 18. gxf4 Nd7 19. Rae1 d5 20. Bb3 c6 21. f5
d4 22. Nd1 Nc5 23. Nf2 Nxb3 24. axb3 exf5 25. exf5 Qf7 26. Qxf7 Rxf7 27. Nd3
Bf6 28. Ne5 Bxe5 29. Rxe5 Kg7 30. g4 Rd8 31. Rf3 Rd6 32. Rh3 Kf8 33. Kf2 Re7
34. Rxe7 Kxe7 35. b4 Kf7 36. Ke2 Kg7 37. Kd3 Rd5 38. Rh2 Rb5 39. Kc4 Rd5 40.
Re2 Kf7 41. Re4 h5 42. gxh5 b5+ 43. Kd3 Rxf5 44. Rh4 c5 45. bxc5 Rxc5 46. h6
Kg8 47. Rxd4 a5 48. b3 Kh7 49. Rd6 b4 50. Kd2 Rf5 51. Rc6 Rf3 52. Rc5 Kxh6 53.
Rxa5 Kg6 54. Re5 Rf4 55. Ke3 Rh4 56. Re4 Rh3+ 57. Kd2 Rh2+ 58. Kc1 Kf5 59. Rxb4
Ke5 60. Rc4 Kd5 61. Rc8 Kd6 62. Kb2 Kd7 63. Rc4 Rh8 64. b4 Rh3 65. c3 Rh1 66.
Kb3 Rc1 67. Rh4 Kc6 68. Rh6+ Kb7 69. c4 Kc7 70. c5 Rg1 71. Ka4 Rg4 72. Ka5 Rg7
73. b5 Kb8 74. b6 Rg1 75. Kb5 Rg8 76. c6 Rc8 1-0

[Event "Druga liga Srbije - Vojvodina 2008"]
[Site "Sombor"]
[Date "2008.10.03"]
[Round "4"]
[White "Perisic, Radivoj"]
[Black "Kostic, Branimir"]
[Result "1-0"]
[WhiteElo "2318"]
[BlackElo "2289"]
[PlyCount "101"]
[EventDate "2008.??.??"]
[Source "Perpetual Check"]

1. e4 c5 2. Nf3 d6 3. d4 cxd4 4. Nxd4 Nf6 5. Nc3 a6 6. Bg5 e6 7. f4 Nbd7 8. Bc4
Nb6 9. Bb3 Be7 10. Qf3 Qc7 11. O-O-O Bd7 12. f5 e5 13. Nde2 Bc6 14. Be3 Nfd7
15. g4 Nc5 16. Bd5 Nba4 17. g5 Rc8 18. f6 Bxd5 19. Rxd5 gxf6 20. gxf6 Bf8 21.
Bxc5 Nxc5 22. Rg1 b5 23. Rdd1 Qc6 24. Nd5 a5 25. Kb1 Ne6 26. c3 Qb7 27. Ng3 Rg8
28. Rgf1 b4 29. Nf5 bxc3 30. Nxc3 Nf4 31. Ng7+ Bxg7 32. Rg1 Ne6 33. Nd5 Rb8 34.
b3 a4 35. Rd3 Nc5 36. fxg7 Nxd3 37. Nf6+ Ke7 38. Qxd3 axb3 39. Nxg8+ Rxg8 40.
axb3 Qb6 41. Rg2 Qb4 42. Kb2 Qb7 43. h4 f5 44. Qc4 Qxe4 45. Qxg8 Qxg2+ 46. Ka3
Qd2 47. Qf8+ Kd7 48. Qf7+ Kc6 49. Qc4+ Kd7 50. g8=Q Qa5+ 51. Qa4+ 1-0

[Event "Druga liga Srbije - Vojvodina 2008"]
[Site "Sombor"]
[Date "2008.10.03"]
[Round "4"]
[White "Orlov, Konstantin"]
[Black "Vukic, Radivoj"]
[Result "1/2-1/2"]
[WhiteElo "2247"]
[BlackElo "2333"]
[PlyCount "23"]
[EventDate "2008.??.??"]
[Source "Perpetual Check"]

1. d4 d5 2. c4 c6 3. Nc3 Nf6 4. e3 a6 5. Nf3 e6 6. Qc2 c5 7. cxd5 exd5 8. Be2
Be6 9. O-O Nc6 10. dxc5 {Necitko dalje i neverovatno} 10... Bxc5 11. Ng5 Ne4
12. Ngxe4 1/2-1/2

[Event "Druga liga Srbije - Vojvodina 2008"]
[Site "Sombor"]
[Date "2008.10.03"]
[Round "4"]
[White "Vajdic, Nikola"]
[Black "Jovanovic, Milos"]
[Result "1-0"]
[WhiteElo "2269"]
[BlackElo "2257"]
[PlyCount "60"]
[EventDate "2008.??.??"]
[Source "Perpetual Check"]

1. d4 d5 2. c4 Nc6 3. Nf3 e5 4. dxe5 Bb4+ 5. Bd2 dxc4 6. Qc2 Be6 7. g3 Nge7 8.
Bg2 Qd5 9. O-O Bf5 10. Qc1 O-O-O 11. Bxb4 Nxb4 12. Ng5 Qxe5 13. Nxf7 Qxe2 14.
Nc3 Qh5 15. Nxh8 Rxh8 16. Ne4 b5 17. a4 Qg6 18. axb5 Bxe4 19. Bxe4 Qxe4 20. Re1
Qd4 21. Rxe7 Kb7 22. Qe3 Qxe3 23. fxe3 Rd8 24. Rc1 Rd2 25. Rxc4 Rxb2 26. Rcxc7+
Kb6 27. Rb7+ Kc5 28. Rxa7 Nd5 29. Rac7+ Kd6 30. Rcd7+ Kc5 1-0